[Event "Campeonato Individual Absoluto de Madrid"]
[Site "Madrid ESP"]
[Date "2025.05.06"]
[Round "2.17"]
[White "Moreno Torrero, Javier"]
[Black "Lorenzo Bailador, Alfredo"]
[Result "1-0"]
[WhiteElo "1933"]
[BlackElo "1968"]
[PlyCount "53"]
[GameId "2174602597826702"]
[EventDate "2025.05.05"]
[EventType "swiss"]
[EventRounds "7"]
[SourceTitle "Ajedrez en Madrid"]
[Source "lmi"]
[SourceDate "2025.05.05"]
[SourceVersion "1"]
[SourceVersionDate "2025.05.14"]
[SourceQuality "1"]

1. d4 d5 2. c4 e6 3. Nc3 Be7 4. Nf3 Nf6 5. Bg5 h6 6. Bh4 O-O 7. e3 b6 8. Qc2 Bb7 9. Bxf6 Bxf6 10. cxd5 exd5 11. O-O-O Nd7 12. g4 c5 13. h4 cxd4 14. exd4 Re8 15. Bb5 Re6 16. g5 Be7 17. Kb1 a6 18. Bd3 b5 19. Bh7+ Kf8 20. Bf5 Rb6 21. Bxd7 Qxd7 22. Qh7 Ke8 23. Rhe1 Re6 24. Ne5 Qc7 25. g6 f6 26. Qg8+ Bf8 27. Qxe6+ 1-0

[Event "Campeonato Individual Absoluto de Madrid"]
[Site "Madrid ESP"]
[Date "2025.05.06"]
[Round "2.18"]
[White "Liern Matesanz, Jairo"]
[Black "Calderon Rojo, Borja"]
[Result "0-1"]
[WhiteElo "1963"]
[BlackElo "1911"]
[PlyCount "46"]
[GameId "2174603453816988"]
[EventDate "2025.05.05"]
[EventType "swiss"]
[EventRounds "7"]
[SourceTitle "Ajedrez en Madrid"]
[Source "lmi"]
[SourceDate "2025.05.05"]
[SourceVersion "1"]
[SourceVersionDate "2025.05.14"]
[SourceQuality "1"]

1. d4 Nf6 2. c4 e5 3. dxe5 Ng4 4. Nf3 Bc5 5. e3 Nc6 6. a3 a5 7. Qd5 Qe7 8. Nc3 Ngxe5 9. Nxe5 Nxe5 10. Qe4 c6 11. b3 O-O 12. Bb2 f5 13. Qc2 Ng4 14. Be2 Nxf2 15. Kxf2 f4 16. Bf3 d5 17. Nd1 fxe3+ 18. Ke2 Bf5 19. Qc1 d4 20. Nxe3 Rae8 21. b4 d3+ 22. Kf1 Bxe3 23. Qc3 Bh3 0-1

[Event "Campeonato Individual Absoluto de Madrid"]
[Site "Madrid ESP"]
[Date "2025.05.06"]
[Round "2.19"]
[White "Cabanas Bravo, Juan Andres"]
[Black "Perdiguero Herreros, Alejandro"]
[Result "1-0"]
[WhiteElo "1911"]
[BlackElo "1962"]
[PlyCount "95"]
[GameId "2174611431084376"]
[EventDate "2025.05.05"]
[EventType "swiss"]
[EventRounds "7"]
[SourceTitle "Ajedrez en Madrid"]
[Source "lmi"]
[SourceDate "2025.05.05"]
[SourceVersion "1"]
[SourceVersionDate "2025.05.14"]
[SourceQuality "1"]

1. e4 c6 2. d4 d5 3. exd5 cxd5 4. Bd3 Nf6 5. c3 g6 6. Bf4 Nc6 7. Nd2 Bf5 8. Bxf5 gxf5 9. f3 Nh5 10. Bg5 Qd6 11. Nh3 h6 12. Be3 f4 13. Bf2 Rg8 14. Rg1 f6 15. Qc2 Qe6+ 16. Kf1 Qf7 17. Qf5 e6 18. Re1 Kd7 19. Qd3 Rd8 20. Nb3 Kc8 21. Bh4 Bd6 22. Nf2 Rde8 23. Ng4 Rg6 24. Re2 Ng7 25. h3 h5 26. Nxf6 Rxf6 27. Bxf6 Qxf6 28. Qb5 Nf5 29. Na5 Re7 30. Nxc6 bxc6 31. Qxc6+ Bc7 32. Ke1 Qg6 33. Kd2 Ne3 34. Kc1 Rg7 35. g4 Rd7 36. Rd2 Rd6 37. Qa4 Kb8 38. b3 Rb6 39. Re1 hxg4 40. hxg4 e5 41. Rh1 Kb7 42. Rh8 e4 43. Qd7 exf3 44. Qc8+ Kc6 45. Rg8 Qf7 46. Rh2 Rb8 47. Rh6+ Kb5 48. Qa6# 1-0

[Event "Campeonato Individual Absoluto de Madrid"]
[Site "Madrid ESP"]
[Date "2025.05.06"]
[Round "2.20"]
[White "Martin Rodriguez, Emilio"]
[Black "Arevillca Colque, Jonatan"]
[Result "1/2-1/2"]
[WhiteElo "1959"]
[BlackElo "1900"]
[PlyCount "96"]
[GameId "2174612523602278"]
[EventDate "2025.05.05"]
[EventType "swiss"]
[EventRounds "7"]
[SourceTitle "Ajedrez en Madrid"]
[Source "lmi"]
[SourceDate "2025.05.05"]
[SourceVersion "1"]
[SourceVersionDate "2025.05.14"]
[SourceQuality "1"]

1. d4 d5 2. Nf3 Nf6 3. Bg5 Ne4 4. Bh4 Nd7 5. e3 Ndf6 6. c4 e6 7. Nc3 Be7 8. Bd3 Nxc3 9. bxc3 c5 10. O-O O-O 11. Rb1 b6 12. Ne5 Bb7 13. f4 dxc4 14. Bxc4 Ne4 15. Bxe7 Qxe7 16. Rc1 Nd6 17. Bd3 Nf5 18. Qe2 f6 19. Nf3 cxd4 20. cxd4 Rfd8 21. Rc2 Qd6 22. Bxf5 exf5 23. Rfc1 Rac8 24. Kf2 Kf7 25. Ne1 Rxc2 26. Rxc2 Kg8 27. Qc4+ Bd5 28. Qc3 Be6 29. Qc7 Qxc7 30. Rxc7 Rd7 31. Rc2 Bd5 32. Ke2 a5 33. a3 b5 34. Rb2 Rb7 35. Kd2 Be4 36. g3 Kf7 37. Nd3 Bxd3 38. Kxd3 Ke6 39. Rc2 Kd6 40. Rc5 g6 41. h3 h5 42. h4 b4 43. axb4 axb4 44. Kc2 Ra7 45. Rb5 Ra2+ 46. Kd3 Ra3+ 47. Kd2 Ra2+ 48. Kd3 Ra3+ 1/2-1/2

[Event "Campeonato Individual Absoluto de Madrid"]
[Site "Madrid ESP"]
[Date "2025.05.06"]
[Round "2.21"]
[White "Marquez Misel, Michael Angel"]
[Black "Camarero Izquierdo, Juan Carlos"]
[Result "1-0"]
[WhiteElo "1953"]
[BlackElo "1892"]
[PlyCount "101"]
[GameId "2174680641905126"]
[EventDate "2025.05.05"]
[EventType "swiss"]
[EventRounds "7"]
[SourceTitle "Ajedrez en Madrid"]
[Source "lmi"]
[SourceDate "2025.05.05"]
[SourceVersion "1"]
[SourceVersionDate "2025.05.14"]
[SourceQuality "1"]

1. d4 d5 2. Bf4 c6 3. e3 e6 4. Nf3 f5 5. c4 Nf6 6. Nc3 Bd6 7. Bd3 O-O 8. O-O Ne4 9. Qc2 Qc7 10. Ne2 Bd7 11. c5 Bxf4 12. exf4 Be8 13. Ne5 Nd7 14. f3 Nef6 15. b4 Kh8 16. a4 Rg8 17. h4 Qd8 18. g3 Nh5 19. Rf2 Nxg3 20. Nxg3 Qxh4 21. Ne2 g5 22. Rh2 gxf4+ 23. Kh1 Qf6 24. Nxd7 Bxd7 25. Qd2 e5 26. dxe5 Qxe5 27. Qc3 Qxc3 28. Nxc3 Rae8 29. Re2 Re3 30. Rxe3 fxe3 31. Rg1 Rxg1+ 32. Kxg1 Kg7 33. Kg2 Kf6 34. f4 Be8 35. Ne2 Bh5 36. Nd4 Bg4 37. Be2 h5 38. b5 h4 39. Bd3 Bd1 40. bxc6 bxc6 41. a5 Bg4 42. Ba6 Kf7 43. Nf3 h3+ 44. Kg3 h2 45. Nxh2 Bd1 46. Nf3 Bb3 47. Ne5+ Ke6 48. Nxc6 Bc4 49. Nd4+ Kd7 50. Bxc4 dxc4 51. Kf3 1-0

[Event "Campeonato Individual Absoluto de Madrid"]
[Site "Madrid ESP"]
[Date "2025.05.06"]
[Round "2.22"]
[White "Garcia Galeote, Lorenzo"]
[Black "Martin Cantizano, David"]
[Result "1-0"]
[WhiteElo "1894"]
[BlackElo "1946"]
[PlyCount "22"]
[GameId "2174573436010568"]
[EventDate "2025.05.05"]
[EventType "swiss"]
[EventRounds "7"]
[SourceTitle "Ajedrez en Madrid"]
[Source "lmi"]
[SourceDate "2025.05.05"]
[SourceVersion "1"]
[SourceVersionDate "2025.05.14"]
[SourceQuality "1"]

1. d4 Nf6 2. c4 e5 3. Nf3 exd4 4. Nxd4 Bb4+ 5. Nc3 Ne4 6. Qd3 Nc5 7. Qe3+ Ne6 8. a3 Bc5 9. Nxe6 Bxe3 10. Nxd8 Bxf2+ 11. Kxf2 Kxd8 1-0

[Event "Campeonato Individual Absoluto de Madrid"]
[Site "Madrid ESP"]
[Date "2025.05.06"]
[Round "2.23"]
[White "Veiga Macias, Rodrigo"]
[Black "Pulido Gomez, Pablo"]
[Result "0-1"]
[WhiteElo "1822"]
[BlackElo "1936"]
[PlyCount "118"]
[GameId "2174690529972742"]
[EventDate "2025.05.05"]
[EventType "swiss"]
[EventRounds "7"]
[SourceTitle "Ajedrez en Madrid"]
[Source "lmi"]
[SourceDate "2025.05.05"]
[SourceVersion "1"]
[SourceVersionDate "2025.05.14"]
[SourceQuality "1"]

1. e4 e6 2. d4 d5 3. Nc3 Nf6 4. Bg5 Bb4 5. e5 h6 6. exf6 hxg5 7. fxg7 Rg8 8. Qh5 Qf6 9. Nf3 Qxg7 10. h4 g4 11. Ne5 Nd7 12. a3 Bd6 13. f4 Nf6 14. Qxf7+ Qxf7 15. Nxf7 Kxf7 16. g3 Nh5 17. Kf2 a6 18. b4 Bd7 19. Bd3 b6 20. Kg2 c6 21. Rae1 a5 22. Na4 Rgb8 23. Be2 Nf6 24. bxa5 Rxa5 25. Nb2 Rxa3 26. Nd3 c5 27. dxc5 bxc5 28. Ne5+ Bxe5 29. fxe5 Ne4 30. Rhf1+ Kg7 31. Bd3 c4 32. Bxe4 dxe4 33. Rf4 Bc6 34. Rxg4+ Kh7 35. Kh3 Rg8 36. Rxg8 Kxg8 37. Kg4 Rf3 38. h5 Rf5 39. Kh4 Rxe5 40. g4 e3 41. g5 e2 42. g6 Kg7 43. Kg4 Kh6 44. Kf4 Re4+ 45. Kg3 c3 46. Kh3 Ba4 47. Kg3 Bxc2 48. Kf3 Bd3 49. Kf2 e5 50. g7 Kxg7 51. h6+ Kxh6 52. Rh1+ Kg6 53. Rg1+ Kf6 54. Ke1 c2 55. Kd2 e1=Q+ 56. Rxe1 Rxe1 57. Kc3 c1=Q+ 58. Kb4 Qc4+ 59. Ka5 Qb5# 0-1

[Event "Campeonato Individual Absoluto de Madrid"]
[Site "Madrid ESP"]
[Date "2025.05.07"]
[Round "3.1"]
[White "Suarez Uriel, Adrian"]
[Black "Martin Duque, Jesus"]
[Result "0-1"]
[WhiteElo "2398"]
[BlackElo "2344"]
[PlyCount "98"]
[GameId "2174975693115693"]
[EventDate "2025.05.05"]
[EventType "swiss"]
[EventRounds "7"]
[SourceTitle "Ajedrez en Madrid"]
[Source "lmi"]
[SourceDate "2025.05.05"]
[SourceVersion "1"]
[SourceVersionDate "2025.05.14"]
[SourceQuality "1"]

1. e4 e5 2. Nf3 Nc6 3. Bc4 Nf6 4. d3 Bc5 5. O-O a6 6. Nbd2 d6 7. c3 Ba7 8. Re1 O-O 9. h3 h6 10. Nf1 Na5 11. Bb3 Nxb3 12. axb3 Re8 13. Ng3 c6 14. Bd2 d5 15. exd5 Qxd5 16. Qc2 Bd7 17. c4 Qd6 18. Bc3 Bd4 19. Qd2 c5 20. Bxd4 exd4 21. Nh4 Rxe1+ 22. Rxe1 Re8 23. Rxe8+ Nxe8 24. b4 cxb4 25. Ne4 Qe7 26. Nf3 Bc6 27. Nxd4 Bxe4 28. Qe3 a5 29. b3 Nf6 30. f3 a4 31. fxe4 a3 32. Nc2 Qe5 33. Nxb4 Qc3 34. Qc5 Nd7 35. Qc8+ Nf8 36. Qxb7 Qxb3 37. Qb5 a2 38. Nxa2 Qxa2 39. c5 Qa1+ 40. Kf2 Qf6+ 41. Ke2 Ne6 42. Qc4 Qb2+ 43. Kf3 Nd4+ 44. Ke3 Nc2+ 45. Kf3 Ne1+ 46. Kf4 Nxg2+ 47. Kf3 Ne1+ 48. Kg3 Qg2+ 49. Kf4 Qf2+ 0-1

[Event "Campeonato Individual Absoluto de Madrid"]
[Site "Madrid ESP"]
[Date "2025.05.07"]
[Round "3.2"]
[White "Rottenwohrer Suarez, Juan"]
[Black "Lianes Garcia, Marcos"]
[Result "0-1"]
[WhiteElo "2340"]
[BlackElo "2383"]
[PlyCount "114"]
[GameId "2174999090155589"]
[EventDate "2025.05.05"]
[EventType "swiss"]
[EventRounds "7"]
[SourceTitle "Ajedrez en Madrid"]
[Source "lmi"]
[SourceDate "2025.05.05"]
[SourceVersion "1"]
[SourceVersionDate "2025.05.14"]
[SourceQuality "1"]

1. d4 e6 2. c4 b6 3. a3 Nf6 4. Nc3 Bb7 5. Nf3 d5 6. cxd5 Nxd5 7. Bg5 Be7 8. Bxe7 Qxe7 9. Nxd5 Bxd5 10. e3 O-O 11. Bd3 c5 12. dxc5 bxc5 13. Qc2 h6 14. O-O Nd7 15. Bh7+ Kh8 16. Be4 Nf6 17. Bxd5 exd5 18. Rac1 Rfc8 19. Rfd1 Qe6 20. Ne1 Rab8 21. Nd3 c4 22. Nf4 Qb6 23. Rd2 Qa5 24. h3 Rc5 25. a4 g5 26. Ne2 Ne4 27. Rd4 Rb3 28. Rcd1 Qb4 29. Rxe4 dxe4 30. Rd8+ Kg7 31. Qxe4 Rd3 32. Rxd3 Qe1+ 33. Kh2 cxd3 34. Qxd3 Qa5 35. Qd4+ Kg8 36. Ng3 Qc7 37. Qf6 Rc6 38. Qf5 Re6 39. Qg4 Qe5 40. b4 a6 41. Qc4 h5 42. f4 Qxe3 43. Nxh5 gxf4 44. Qc8+ Kh7 45. Qf8 Kg6 46. Qh8 Qe5 47. Qxe5 Rxe5 48. Nxf4+ Kf5 49. Nd3 Rd5 50. Nc1 Rd1 51. Ne2 Ke5 52. b5 a5 53. h4 Ra1 54. Ng1 Rxa4 55. Kg3 Rb4 56. Nf3+ Kf6 57. h5 a4 0-1

[Event "Campeonato Individual Absoluto de Madrid"]
[Site "Madrid ESP"]
[Date "2025.05.07"]
[Round "3.3"]
[White "Rodriguez Avila, Alvaro"]
[Black "Horcajuelo Rocamora, Martin"]
[Result "1-0"]
[WhiteElo "2204"]
[BlackElo "2367"]
[PlyCount "57"]
[GameId "2174965739442336"]
[EventDate "2025.05.05"]
[EventType "swiss"]
[EventRounds "7"]
[SourceTitle "Ajedrez en Madrid"]
[Source "lmi"]
[SourceDate "2025.05.05"]
[SourceVersion "1"]
[SourceVersionDate "2025.05.14"]
[SourceQuality "1"]

1. e4 c6 2. d4 d5 3. e5 Bf5 4. Nd2 e6 5. Nb3 Nd7 6. Nf3 c5 7. dxc5 a6 8. Be2 Qc7 9. O-O Ne7 10. Nbd4 Bg6 11. b4 Nxe5 12. Nxe5 Qxe5 13. Re1 Qc7 14. c3 Nc6 15. Qa4 Be7 16. b5 Nxd4 17. cxd4 O-O 18. b6 Qd8 19. Bf4 f5 20. Bf3 Be8 21. Qb3 Bd7 22. Bxd5 exd5 23. Qxd5+ Kh8 24. Qxb7 Bf6 25. Bc7 Qc8 26. Qd5 Rb8 27. Bxb8 Bc6 28. Qd6 Ba8 29. Bc7 1-0

[Event "Campeonato Individual Absoluto de Madrid"]
[Site "Madrid ESP"]
[Date "2025.05.07"]
[Round "3.4"]
[White "Moreno Ruiz, Javier"]
[Black "Alvarez Poves, Jesus"]
[Result "1/2-1/2"]
[WhiteElo "2379"]
[BlackElo "2071"]
[PlyCount "125"]
[GameId "2175013424304242"]
[EventDate "2025.05.05"]
[EventType "swiss"]
[EventRounds "7"]
[SourceTitle "Ajedrez en Madrid"]
[Source "lmi"]
[SourceDate "2025.05.05"]
[SourceVersion "1"]
[SourceVersionDate "2025.05.14"]
[SourceQuality "1"]

1. d4 Nf6 2. c4 e6 3. Nc3 Bb4 4. e3 b6 5. Nge2 Ne4 6. Bd2 Nxd2 7. Qxd2 d5 8. cxd5 exd5 9. a3 Be7 10. Nf4 c6 11. Be2 Nd7 12. O-O Nf6 13. b4 Bb7 14. b5 O-O 15. bxc6 Bxc6 16. Ba6 Rb8 17. a4 Bb7 18. Bxb7 Rxb7 19. Qa2 Rd7 20. Rfc1 Qa8 21. a5 Rb8 22. Nb5 bxa5 23. Qxa5 Qb7 24. Rcb1 Bd8 25. Qa2 Bb6 26. Nd3 Rdd8 27. Nc3 Rbc8 28. Na4 Ne4 29. Nxb6 axb6 30. Qa6 Qxa6 31. Rxa6 Nd2 32. Rba1 Nc4 33. Ra7 g5 34. g4 Kg7 35. R1a6 Rd6 36. Rb7 Rf6 37. Kg2 Nxe3+ 38. fxe3 Rc2+ 39. Kg1 Rc3 40. Nb4 Rxe3 41. Ra1 Re4 42. Nxd5 Rxg4+ 43. Kh1 Rf2 44. Rd1 Rh4 45. Ne3 Rfxh2+ 46. Kg1 Rh1+ 47. Kf2 Rxd1 48. Nxd1 Rxd4 49. Ne3 Rb4 50. Nd5 Rb2+ 51. Kf3 h5 52. Rc7 b5 53. Rc6 Rb1 54. Ne3 f6 55. Ke4 Kg6 56. Nd5 Re1+ 57. Kf3 Rd1 58. Rxf6+ Kg7 59. Rd6 Rg1 60. Rb6 h4 61. Ne3 h3 62. Rb7+ Kg8 63. Rb8+ 1/2-1/2

[Event "Campeonato Individual Absoluto de Madrid"]
[Site "Madrid ESP"]
[Date "2025.05.07"]
[Round "3.5"]
[White "Rubio Mejia, Luis Ignacio"]
[Black "Bocancea, Cristian Andrei"]
[Result "1-0"]
[WhiteElo "2355"]
[BlackElo "1995"]
[PlyCount "77"]
[GameId "2174972643131651"]
[EventDate "2025.05.05"]
[EventType "swiss"]
[EventRounds "7"]
[SourceTitle "Ajedrez en Madrid"]
[Source "lmi"]
[SourceDate "2025.05.05"]
[SourceVersion "1"]
[SourceVersionDate "2025.05.14"]
[SourceQuality "1"]

1. d4 Nf6 2. c4 e6 3. Nc3 Bb4 4. e3 O-O 5. Bd3 d5 6. cxd5 exd5 7. a3 Bd6 8. Qc2 a6 9. Nge2 b6 10. b4 Bb7 11. Rb1 Re8 12. O-O Nbd7 13. f3 Qe7 14. Nf4 Nf8 15. Qb3 Bxf4 16. exf4 Ne6 17. Ne2 Rab8 18. f5 c5 19. dxc5 bxc5 20. fxe6 c4 21. exf7+ Kxf7 22. Qd1 cxd3 23. Nd4 Qc7 24. Qxd3 Qc4 25. Qd2 a5 26. Bb2 Ba6 27. Rbc1 Qd3 28. Qxd3 Bxd3 29. Rfd1 Bb5 30. Nf5 Kg6 31. Nd6 Re3 32. Bxf6 gxf6 33. Rxd5 Bd7 34. Nc4 Re7 35. Nxa5 Be6 36. Rd2 Rb5 37. Kf2 f5 38. Nc6 Re8 39. Rd6 1-0

[Event "Campeonato Individual Absoluto de Madrid"]
[Site "Madrid ESP"]
[Date "2025.05.07"]
[Round "3.6"]
[White "Martinez Fernandez, Raul"]
[Black "Torres Rebolledo, Alvaro"]
[Result "1-0"]
[WhiteElo "2158"]
[BlackElo "2336"]
[PlyCount "53"]
[GameId "2174973651722513"]
[EventDate "2025.05.05"]
[EventType "swiss"]
[EventRounds "7"]
[SourceTitle "Ajedrez en Madrid"]
[Source "lmi"]
[SourceDate "2025.05.05"]
[SourceVersion "1"]
[SourceVersionDate "2025.05.14"]
[SourceQuality "1"]

1. e4 d6 2. d4 Nf6 3. Nc3 e5 4. dxe5 dxe5 5. Qxd8+ Kxd8 6. Bc4 Bb4 7. Nf3 Nc6 8. O-O Bxc3 9. bxc3 Be6 10. Bd5 Nd7 11. Ng5 Ke7 12. Ba3+ Kf6 13. f4 Nd8 14. Nxe6 fxe6 15. Bc4 Nb6 16. Be2 g6 17. fxe5+ Kxe5 18. Be7 Re8 19. Bh4 Kd6 20. Rad1+ Kc6 21. e5 Nd5 22. c4 Nc3 23. Bf3+ Kb6 24. Rd3 Na4 25. Rb1+ Kc5 26. Bf2+ Kxc4 27. Rd4+ 1-0

[Event "Campeonato Individual Absoluto de Madrid"]
[Site "Madrid ESP"]
[Date "2025.05.07"]
[Round "3.7"]
[White "De La Puerta Cresis, Javier"]
[Black "Lopez Del Alamo, Antonio"]
[Result "0-1"]
[WhiteElo "2242"]
[BlackElo "2145"]
[PlyCount "102"]
[GameId "2174974548312351"]
[EventDate "2025.05.05"]
[EventType "swiss"]
[EventRounds "7"]
[SourceTitle "Ajedrez en Madrid"]
[Source "lmi"]
[SourceDate "2025.05.05"]
[SourceVersion "1"]
[SourceVersionDate "2025.05.14"]
[SourceQuality "1"]

1. e4 c5 2. Nf3 Nc6 3. Bb5 g6 4. O-O Bg7 5. c3 Nf6 6. Re1 O-O 7. d4 cxd4 8. cxd4 d5 9. e5 Ne4 10. Bxc6 bxc6 11. Be3 Rb8 12. b3 a5 13. Qc1 Qb6 14. Nc3 Nxc3 15. Qxc3 Bg4 16. Rac1 Rfc8 17. Ng5 f6 18. h3 Bf5 19. g4 Bd7 20. e6 Be8 21. Nf3 Rb7 22. Qc5 Ra8 23. Bd2 Qa6 24. h4 h6 25. g5 hxg5 26. hxg5 Qd3 27. Rc3 Qb5 28. Qa3 a4 29. Qc1 axb3 30. Rxb3 Qa6 31. Rxb7 Qxb7 32. gxf6 exf6 33. Qc2 Qa6 34. Rb1 c5 35. Qxc5 Qxe6 36. Rb3 Bf8 37. Qc2 Qg4+ 38. Kf1 Ba4 39. Qd3 Bxb3 40. Qxb3 Qe4 41. a4 f5 42. a5 Re8 43. Ne1 Qxd4 44. Qb1 Qc4+ 45. Kg2 Qe4+ 46. Qxe4 dxe4 47. Kg3 Kf7 48. Nc2 Kf6 49. Be3 Ra8 50. Bd2 Bd6+ 51. Kg2 Bc7 0-1

[Event "Campeonato Individual Absoluto de Madrid"]
[Site "Madrid ESP"]
[Date "2025.05.07"]
[Round "3.8"]
[White "Palomo Monserrat, Lorenzo"]
[Black "Vioque Gonzalez, Nicolas"]
[Result "0-1"]
[WhiteElo "1993"]
[BlackElo "2208"]
[PlyCount "68"]
[GameId "2174966340575406"]
[EventDate "2025.05.05"]
[EventType "swiss"]
[EventRounds "7"]
[SourceTitle "Ajedrez en Madrid"]
[Source "lmi"]
[SourceDate "2025.05.05"]
[SourceVersion "1"]
[SourceVersionDate "2025.05.14"]
[SourceQuality "1"]

1. d4 d5 2. c4 e6 3. Nc3 Nf6 4. cxd5 exd5 5. Bg5 c6 6. e3 Be6 7. Bd3 Nbd7 8. h3 Bd6 9. Nf3 Qc7 10. Rc1 h6 11. Bxf6 Nxf6 12. O-O a6 13. Na4 O-O 14. Nc5 Rae8 15. Nd2 Bc8 16. a3 g6 17. b4 Qd8 18. Qb3 Bb8 19. Rce1 Nh5 20. f4 Qh4 21. Qd1 Bxh3 22. gxh3 Qg3+ 23. Kh1 Qxh3+ 24. Kg1 Rxe3 25. Rf3 Qg4+ 26. Kf1 Rxe1+ 27. Qxe1 Bxf4 28. Ncb3 Ng3+ 29. Kf2 Qh4 30. Kg2 Nf5 31. Qh1 Qg5+ 32. Kf2 Nh4 33. Rh3 Bxd2 34. Rxh4 Qe3+ 0-1

[Event "Campeonato Individual Absoluto de Madrid"]
[Site "Madrid ESP"]
[Date "2025.05.07"]
[Round "3.9"]
[White "Lozano Argueso, Cesar"]
[Black "Grabuzova, Tatiana"]
[Result "0-1"]
[WhiteElo "1995"]
[BlackElo "2199"]
[PlyCount "32"]
[GameId "2174940963180616"]
[EventDate "2025.05.05"]
[EventType "swiss"]
[EventRounds "7"]
[SourceTitle "Ajedrez en Madrid"]
[Source "lmi"]
[SourceDate "2025.05.05"]
[SourceVersion "1"]
[SourceVersionDate "2025.05.14"]
[SourceQuality "1"]

1. g3 d5 2. Bg2 e6 3. d3 c5 4. Nf3 Nc6 5. O-O Nf6 6. Nbd2 Be7 7. Re1 O-O 8. e4 h6 9. e5 Nh7 10. h4 b5 11. Nh2 a5 12. Qh5 Qe8 13. a4 Nb4 14. Qd1 bxa4 15. Nb1 Bd7 16. Ng4 Kh8 0-1

[Event "Campeonato Individual Absoluto de Madrid"]
[Site "Madrid ESP"]
[Date "2025.05.07"]
[Round "3.10"]
[White "Portero Rubio, Martin"]
[Black "Marquez Misel, Michael Angel"]
[Result "1-0"]
[WhiteElo "2079"]
[BlackElo "1953"]
[PlyCount "63"]
[GameId "2174967039553724"]
[EventDate "2025.05.05"]
[EventType "swiss"]
[EventRounds "7"]
[SourceTitle "Ajedrez en Madrid"]
[Source "lmi"]
[SourceDate "2025.05.05"]
[SourceVersion "1"]
[SourceVersionDate "2025.05.14"]
[SourceQuality "1"]

1. e4 c5 2. Nf3 g6 3. c3 Bg7 4. d4 cxd4 5. cxd4 d5 6. e5 Nh6 7. Bb5+ Nc6 8. h3 O-O 9. O-O a6 10. Bxc6 bxc6 11. Re1 Qb6 12. Nc3 Bd7 13. Na4 Qc7 14. Nc5 Rfb8 15. Bf4 e6 16. Qd2 Nf5 17. g4 Ne7 18. Bh6 Bc8 19. Qf4 Qd8 20. Bxg7 Kxg7 21. Qf6+ Kg8 22. Re3 Qf8 23. b3 Ra7 24. h4 Qg7 25. Qf4 h5 26. gxh5 Nf5 27. Ree1 gxh5+ 28. Kh1 Qh6 29. Rg1+ Kh7 30. Rg5 a5 31. Rag1 Ba6 32. Rxf5 1-0

[Event "Campeonato Individual Absoluto de Madrid"]
[Site "Madrid ESP"]
[Date "2025.05.07"]
[Round "3.11"]
[White "Roquero Redondo, Miguel"]
[Black "Moreno Torrero, Javier"]
[Result "1-0"]
[WhiteElo "2063"]
[BlackElo "1933"]
[PlyCount "61"]
[GameId "2174957131128904"]
[EventDate "2025.05.05"]
[EventType "swiss"]
[EventRounds "7"]
[SourceTitle "Ajedrez en Madrid"]
[Source "lmi"]
[SourceDate "2025.05.05"]
[SourceVersion "1"]
[SourceVersionDate "2025.05.14"]
[SourceQuality "1"]

1. e4 c5 2. Nf3 d6 3. d4 cxd4 4. Nxd4 Nf6 5. Nc3 g6 6. Be3 Bg7 7. f3 O-O 8. Qd2 Nc6 9. g4 d5 10. g5 Nh5 11. exd5 Nxd4 12. Bxd4 Bxd4 13. Qxd4 e5 14. Qd2 Nf4 15. h4 Qa5 16. O-O-O a6 17. Bc4 Bf5 18. Bb3 Rac8 19. Kb1 b5 20. Rhe1 b4 21. Ne4 Rfd8 22. Nf6+ Kg7 23. Rxe5 Ne6 24. h5 Nc5 25. Rxf5 Nxb3 26. axb3 gxf5 27. Qd3 Qb5 28. Qxf5 Qe2 29. Rd4 Rc5 30. Qxh7+ Kf8 31. Qh6+ 1-0

[Event "Campeonato Individual Absoluto de Madrid"]
[Site "Madrid ESP"]
[Date "2025.05.07"]
[Round "3.12"]
[White "Martin Martin, Luis Vicente"]
[Black "Perez Diez, Victor"]
[Result "1/2-1/2"]
[WhiteElo "1958"]
[BlackElo "2041"]
[PlyCount "158"]
[GameId "2175017454145785"]
[EventDate "2025.05.05"]
[EventType "swiss"]
[EventRounds "7"]
[SourceTitle "Ajedrez en Madrid"]
[Source "lmi"]
[SourceDate "2025.05.05"]
[SourceVersion "1"]
[SourceVersionDate "2025.05.14"]
[SourceQuality "1"]

1. d4 d5 2. Bf4 c5 3. e3 Nc6 4. c3 Bf5 5. Nd2 e6 6. Ngf3 Qb6 7. dxc5 Qxb2 8. Nd4 Bg6 9. Bb5 Bxc5 10. O-O Bxd4 11. Bxc6+ bxc6 12. cxd4 Rd8 13. Nb3 Ne7 14. Nc5 O-O 15. Qa4 Bc2 16. Qxa7 Ng6 17. Bg3 Ra8 18. Qb7 Qxb7 19. Nxb7 Ra7 20. Rfc1 Bd3 21. Nc5 Bc4 22. a3 Rfa8 23. Rc3 Ne7 24. f3 Nc8 25. Nd3 Bxd3 26. Rxd3 Nb6 27. Bd6 Nc4 28. Bc5 Rb7 29. Ra2 Ra4 30. Kf2 f5 31. Re2 Ra8 32. Bb4 Rba7 33. Bc5 Ra4 34. Ra2 Kf7 35. Rb3 Kf6 36. g4 g6 37. Ra1 R4a5 38. Ra2 h6 39. h3 e5 40. Rb7 Nxa3 41. Rc7 exd4 42. Rxc6+ Kf7 43. Bxd4 fxg4 44. hxg4 h5 45. Rf6+ Ke7 46. Rxg6 hxg4 47. Rxg4 Nc4 48. Rxa5 Rxa5 49. Kg3 Ke6 50. Rg6+ Kf7 51. Rh6 Rb5 52. Kf4 Nd2 53. Rc6 Ke7 54. Bc3 Nc4 55. Bd4 Nd2 56. Rc5 Rxc5 57. Bxc5+ Ke6 58. Bb4 Nc4 59. Bc3 Kd6 60. Bd4 Ke6 61. Kg3 Kf5 62. Kf2 Nd6 63. Bc5 Nf7 64. Ke2 Ne5 65. Bd6 Nf7 66. Bc7 Ng5 67. Bf4 Ne6 68. Bd6 Ng5 69. Be7 Nf7 70. Bb4 Ne5 71. Bc3 Nf7 72. Be1 Ne5 73. Bg3 Nd7 74. Kd3 Ke6 75. Kd4 Nf6 76. Bh4 Nd7 77. Bg3 Nb6 78. Bh2 Nc4 79. e4 dxe4 1/2-1/2

[Event "Campeonato Individual Absoluto de Madrid"]
[Site "Madrid ESP"]
[Date "2025.05.07"]
[Round "3.13"]
[White "Nunez Munoz, Jesus"]
[Black "Cabanas Bravo, Juan Andres"]
[Result "1-0"]
[WhiteElo "1996"]
[BlackElo "1911"]
[PlyCount "93"]
[GameId "2174967637364938"]
[EventDate "2025.05.05"]
[EventType "swiss"]
[EventRounds "7"]
[SourceTitle "Ajedrez en Madrid"]
[Source "lmi"]
[SourceDate "2025.05.05"]
[SourceVersion "1"]
[SourceVersionDate "2025.05.14"]
[SourceQuality "1"]

1. e4 e5 2. Nf3 Nc6 3. Bb5 a6 4. Ba4 Nf6 5. O-O Nxe4 6. Re1 Nc5 7. Bxc6 dxc6 8. Nxe5 Be7 9. d4 Ne6 10. c3 O-O 11. Be3 f6 12. Nd3 Bd6 13. Nd2 f5 14. Nf3 f4 15. Bd2 Qf6 16. b4 g5 17. Nfe5 Ng7 18. Nc5 Bxe5 19. Rxe5 h6 20. c4 b6 21. Ne4 Qf7 22. d5 cxd5 23. cxd5 Bb7 24. Bc3 Rad8 25. Qd4 Qd7 26. Re1 f3 27. Nxg5 c5 28. bxc5 bxc5 29. Qe4 hxg5 30. Re7 Bxd5 31. Rxd7 Rxd7 32. Qg4 Rdf7 33. Qxg5 Bxa2 34. gxf3 Rd7 35. Re7 Rf7 36. Rxd7 Rxd7 37. Qxc5 Rd5 38. Qc8+ Kh7 39. h4 Ne6 40. Kh2 Rc5 41. Qh8+ Kg6 42. Kg3 a5 43. Be5 Rc1 44. h5+ Kf7 45. Qf6+ Kg8 46. Qg6+ Kf8 47. Qh6+ 1-0